Online
Catalog

Discurso del hon. Presidente de la República, general Rafael L. Trujillo Molina, al inaugurar oficialmente el Ateneo Dominicanio el 23 de enero de 1932. (Record no. 30030)

MARC details
000 -CABECERA
campo de control de longitud fija 00641nam a2200157 a 4500
001 - NÚMERO DE CONTROL
campo de control 000030538
005 - FECHA Y HORA DE LA ÚLTIMA TRANSACCIÓN
campo de control 20200930062352.0
008 - DATOS DE LONGITUD FIJA--INFORMACIÓN GENERAL
campo de control de longitud fija 110523s1932 dr c r 000 | spa d
040 ## - FUENTE DE LA CATALOGACIÓN
Centro catalogador/agencia de origen DO-SdBNP
Lengua de catalogación spa
Centro/agencia transcriptor BNPHU
082 ## - NÚMERO DE LA CLASIFICACIÓN DECIMAL DEWEY
Número de clasificación xxxx
Número de documento/Ítem R426d
110 1# - ENTRADA PRINCIPAL--NOMBRE DE ENTIDAD CORPORATIVA
Nombre de entidad corporativa o nombre de jurisdicción como elemento de entrada República Dominicana.
Unidad subordinada Presidente (1930-1938 : Trujillo Molina)
9 (RLIN) 57161
245 10 - MENCIÓN DE TÍTULO
Título Discurso del hon. Presidente de la República, general Rafael L. Trujillo Molina, al inaugurar oficialmente el Ateneo Dominicanio el 23 de enero de 1932.
260 ## - PUBLICACIÓN, DISTRIBUCIÓN, ETC.
Lugar de publicación, distribución, etc. [Ciudad Trujillo, República Dominicana] :
Nombre del editor, distribuidor, etc. La Opinión,
Fecha de publicación, distribución, etc. 1932.
300 ## - DESCRIPCIÓN FÍSICA
Extensión 76 p. :
Otras características físicas retr. ;
Dimensiones 18 cm.
590 ## - NOTA LOCAL (RLIN)
Nota local Inventariado, 2018/LP
Holdings
Estado de retiro Estado de pérdida Restricciones de uso No para préstamo Código de colección Localización permanente Ubicación/localización actual Ubicación en estantería Fecha de adquisición Número de inventario Total de préstamos Signatura topográfica completa Código de barras Fecha visto por última vez Precio válido a partir de Tipo de ítem Koha Nota pública
      Excluido de préstamo Raros y valiosos Patrimonio Dominicano Patrimonio Dominicano En catalogación 23.05.2011 LF1   xxxx R426d 30538-10 25.06.2020 25.06.2020 No se presta Perteneció a la biblioteca personal de Martínez Boog.

Powered by Koha